000 00538nam a22001937a 4500
999 _c157968
_d157968
005 20181012104251.0
010 _aENG-124245
020 _c150.00
_a9789350451687
035 _aEN-107777
037 _bDBAD/PUB
082 _a881
100 _aShruti Devi V.
245 _aDeep wood trance /
_cby V. Shruti Devi
260 _aCalcutta
_bWriters Workshop Books
_c2017
270 _bCalcutta
_e700045
_a162/92 Lake gardens
300 _a95p.
_c22cm (Hb)
500 _aIt includes notes
942 _2ddc
_cEN
_h881
_mSHR